|
|
|
|
| LEADER |
00000nam0a2200000 4500 |
| 001 |
183597 |
| 005 |
20231101223753.0 |
| 010 |
|
|
|a 9785160037530
|
| 035 |
|
|
|a (RuTPU)RU\TPU\book\199036
|
| 035 |
|
|
|a RU\TPU\book\97925
|
| 090 |
|
|
|a 183597
|
| 100 |
|
|
|a 20060222d2010 m y0rusy50 ca
|
| 101 |
0 |
|
|a rus
|
| 102 |
|
|
|a RU
|
| 105 |
|
|
|a a j 001zy
|
| 200 |
1 |
|
|a Экономика предприятия (в схемах, таблицах, расчетах)
|e учебное пособие
|f В. К. Скляренко [и др.]
|
| 210 |
|
|
|a Москва
|c Инфра-М
|d 2010
|
| 215 |
|
|
|a 256 с.
|c ил.
|
| 225 |
1 |
|
|a Высшее образование
|
| 320 |
|
|
|a Библиогр.: с. 255.
|
| 330 |
|
|
|a Учебное пособие по структуре совпадает с книгой: Скляренко В.К., Прудников В.М. «Экономика предприятия: Конспект лекций». Однако, в отличие от конспекта лекций, для лучшего усвоения материала изложение тем ведется в схемах, таблицах, расчетах. Для студентов вузов, изучающих экономические дисциплины. Будет также полезно практическим работникам и специалистам.
|
| 451 |
|
1 |
|0 (RuTPU)RU\TPU\book\97925
|y 5-16-002501-4
|t Экономика предприятия (в схемах, таблицах, расчетах)
|o учебное пособие
|f В. К. Скляренко [и др.]
|c М.
|n Инфра-М
|d 2006
|p 255 с.
|s Высшее образование
|
| 606 |
1 |
|
|a Предприятия
|x Экономика
|2 stltpush
|3 (RuTPU)RU\TPU\subj\36689
|9 57982
|
| 610 |
1 |
|
|a предпринимательство
|
| 610 |
1 |
|
|a организационно-правовые формы
|
| 610 |
1 |
|
|a хозяйственные товарищества
|
| 610 |
1 |
|
|a производственные кооперативы
|
| 610 |
1 |
|
|a рынок ценных бумаг
|
| 610 |
1 |
|
|a производственный процесс
|
| 610 |
1 |
|
|a организация
|
| 610 |
1 |
|
|a основные фонды
|
| 610 |
1 |
|
|a инвестиционная деятельность
|
| 610 |
1 |
|
|a управление качеством
|
| 610 |
1 |
|
|a продукция
|
| 610 |
1 |
|
|a производственная программа
|
| 610 |
1 |
|
|a производственная мощность
|
| 610 |
1 |
|
|a труд
|
| 610 |
1 |
|
|a нормирование
|
| 610 |
1 |
|
|a кадры
|
| 610 |
1 |
|
|a планирование
|
| 610 |
1 |
|
|a численность
|
| 610 |
1 |
|
|a производительность труда
|
| 610 |
1 |
|
|a производство
|
| 610 |
1 |
|
|a затраты
|
| 610 |
1 |
|
|a издержки
|
| 610 |
1 |
|
|a смета
|
| 610 |
1 |
|
|a калькулирование
|
| 610 |
1 |
|
|a прибыль
|
| 610 |
1 |
|
|a ценообразование
|
| 610 |
1 |
|
|a финансы
|
| 610 |
1 |
|
|a управление
|
| 610 |
1 |
|
|a финансовый менеджмент
|
| 610 |
1 |
|
|a финансовое планирование
|
| 610 |
1 |
|
|a финансовая стратегия
|
| 610 |
1 |
|
|a бюджет
|
| 610 |
1 |
|
|a безубыточность
|
| 610 |
1 |
|
|a учебные пособия
|
| 686 |
|
|
|a У9(2)29я73
|v LBC/SL-A
|2 rubbk
|
| 701 |
|
1 |
|a Скляренко
|b В. К.
|g Вячеслав Константинович
|
| 701 |
|
1 |
|a Прудников
|b В. М.
|g Владимир Михайлович
|
| 701 |
|
1 |
|a Акуленко
|b Н. Б.
|g Нина Борисовна
|
| 701 |
|
1 |
|a Кучеренко
|b А. И.
|g Анна Ивановна
|
| 702 |
|
1 |
|a Скляренко
|b В. К.
|g Вячеслав Константинович
|4 340
|
| 702 |
|
1 |
|a Прудников
|b В. М.
|g Владимир Михайлович
|4 340
|
| 801 |
|
1 |
|a RU
|b 63413507
|c 20100813
|
| 801 |
|
2 |
|a RU
|b 63413507
|c 20150731
|g RCR
|
| 900 |
|
|
|a Экономика предприятия и основы управления производством
|
| 900 |
|
|
|a Экономика предприятия, организация и управление производством
|
| 942 |
|
|
|c BK
|
| 951 |
|
|
|a 521600
|b 080100
|
| 959 |
|
|
|a 49/20100813
|d 10
|e 199,90
|f АНЛ:1
|f ЧЗГЛ:1
|f Ф_ТПУ_Новокузнецк:8
|